Countries with the Most Synagogues - Statistics

General Stats
  • This quiz has been taken 197 times
  • The average score is 12 of 15
Answer Stats
No. of Synagogues Answer % Correct
15 000 Israel
99%
3 727 United States
98%
130 Germany
96%
188 Canada
95%
448 France
95%
454 United Kingdom
94%
164 Russia
86%
110 Brazil
81%
50 Italy
78%
81 Australia
77%
90 Argentina
76%
70 Ukraine
71%
50 Netherlands
70%
59 South Africa
44%
110 Morocco
34%
No matching quizzes found
Score Distribution
Percent of People with Each Score
Percentile by Number Answered
Your Score History
You have not taken this quiz